Statistiques concernant Pays frontaliers de la Zambie

Cliquez ici pour prendre le quiz!

Statistiques générales

  • Ce quiz a été pris 24 fois
  • Le résultat moyen est 7 sur 8

Statistiques - réponses

Km2Pays% Correct
338 kmTanzanie
100%
419 kmMozambique
95%
233KmNamibie
95%
1930KmRépublique Démocratique du Congo
95%
797 kmZimbabwe
95%
1110KmAngola
86%
0,156 kmBotswana
82%
837 kmMalawi
77%

Distribution des résultats

Percentile par nombre de réponses

% des personnes avec chaque résultat

Votre développement - résultats

Vous n’avez pas pris ce quiz